<?xml version="1.0" encoding="UTF-8"?>
<marc:record xmlns:marc="http://www.loc.gov/MARC21/slim">
   <marc:leader>00000nam a2200000 a 4500</marc:leader>
   <marc:datafield ind1="1" ind2=" " tag="100">
      <marc:subfield code="a">Haller, Elias</marc:subfield>
      <marc:subfield code="4">aut</marc:subfield>
      <marc:subfield code="e">Verfasser/-in</marc:subfield>
   </marc:datafield>
   <marc:datafield ind1="0" ind2="0" tag="245">
      <marc:subfield code="a">Möwentod</marc:subfield>
   </marc:datafield>
   <marc:datafield ind1=" " ind2="1" tag="264">
      <marc:subfield code="b">Edition M</marc:subfield>
      <marc:subfield code="c">2020</marc:subfield>
   </marc:datafield>
   <marc:datafield ind1="1" ind2=" " tag="520">
      <marc:subfield code="a">In Stralsund bricht eine Privatdetektivin in ein schäbiges Motelzimmer ein, am nächsten Morgen wird sie tot aufgefunden. Das erfahrene Ermittlerduo Greta Silber und Hardy Finkel übernimmt den rätselhaften Fall, der sich für die Kripo bald zu einem wahren Albtraum entwickelt. Denn irgendjemand will mit allen Mitteln die Aufklärung verhindern.  Die beiden Ermittler stoßen auf verschiedene vom Schicksal gebeutelte Menschen, die offensichtlich ein neues Leben beginnen wollten. Dann taucht eine blutige Spur auf, die zu einer Fähre ins Ausland führt</marc:subfield>
   </marc:datafield>
   <marc:datafield ind1="3" ind2=" " tag="024">
      <marc:subfield code="a">9782496704785</marc:subfield>
   </marc:datafield>
</marc:record>
